| 000 | 01437nam a2200253Ia 4500 | ||
|---|---|---|---|
| 999 |
_c42427 _d42427 |
||
| 001 | 9123 | ||
| 003 | GE_BSU | ||
| 005 | 20240605121232.0 | ||
| 008 | 181216s2013||||ge |||||||||||||| ||geo|| | ||
| 040 | _cGE_BSU | ||
| 041 | _ageo | ||
| 080 | _a94(479.223)+82-93 ბ-52 | ||
| 100 |
_aბერიანიძე, მაყვალა _922333 |
||
| 245 |
_aხატიმამული. წ. 2 : _b საკითხავი წიგნი / _cმაყვალა ბერიანიძე ; იდეის ავტორი ალ. მერმანიშვილი ; რედ. ჯემალ ფუტკარაძე. |
||
| 250 | _a1-ლი გამოცემა | ||
| 264 |
_aთბილისი : _bმეგობრობა, _c2013. |
||
| 300 |
_a95 გვ. ; _c29 სმ. |
||
| 490 |
_aპროექტი "ხატიმამული" _v7 |
||
| 500 | _aპროექტი ხორციელდება ბათუმისა და ლაზეთის, ჩრდილოეთ ამერიკისა და კანადის მიტროპოლიტ მეუფე დიმიტრის ლოცვა–კურთხევით | ||
| 653 | _aხატიმამული | ||
| 653 | _aსაქართველოს ისტორია | ||
| 700 |
_aფუტკარაძე, ჯემალ _eრედაქტორი _922334 |
||
| 942 |
_cBK _2udc |
||